<?xml version="1.0" encoding="UTF-8"?>
<marc:record xmlns:marc="http://www.loc.gov/MARC21/slim">
   <marc:leader>00000nam a2200000 a 4500</marc:leader>
   <marc:datafield ind1="1" ind2=" " tag="100">
      <marc:subfield code="a">Weaver, Dr. Libby</marc:subfield>
      <marc:subfield code="4">aut</marc:subfield>
      <marc:subfield code="e">Verfasser/-in</marc:subfield>
   </marc:datafield>
   <marc:datafield ind1=" " ind2=" " tag="653">
      <marc:subfield code="a">Alltag</marc:subfield>
   </marc:datafield>
   <marc:datafield ind1=" " ind2=" " tag="653">
      <marc:subfield code="a">Stress</marc:subfield>
   </marc:datafield>
   <marc:datafield ind1=" " ind2=" " tag="653">
      <marc:subfield code="a">To-do-Listen</marc:subfield>
   </marc:datafield>
   <marc:datafield ind1=" " ind2=" " tag="653">
      <marc:subfield code="a">Seelenleben</marc:subfield>
   </marc:datafield>
   <marc:datafield ind1="0" ind2="0" tag="245">
      <marc:subfield code="a">Das Rushing-Woman-Syndrom</marc:subfield>
   </marc:datafield>
   <marc:datafield ind1="0" ind2="0" tag="245">
      <marc:subfield code="b">Was Dauerstress unserer Gesundheit antut</marc:subfield>
   </marc:datafield>
   <marc:datafield ind1=" " ind2="1" tag="264">
      <marc:subfield code="b">Trias</marc:subfield>
      <marc:subfield code="c">2017</marc:subfield>
   </marc:datafield>
   <marc:datafield ind1="1" ind2=" " tag="520">
      <marc:subfield code="a">Vom to-do zum to-enjoy!
Die Kinder zur Schule bringen, rechtzeitig gut zurechtgemacht zum Meeting im Büro sein, bloß nicht den Arzttermin nach der Arbeit vergessen und abends wollte man sich eigentlich mal wieder mit der besten Freundin treffen - haben Sie auch manchmal das Gefühl, dass Ihr Tag einer einzigen endlos langen to-do-Liste gleicht? Dass Sie fleißig darum bemüht sind, alles unter einen Hut zu bringen, sich selbst bei all der Hetze aber völlig aus dem Blick verlieren? Viele Frauen kennen das - aber hinterfragen wir auch, was das eigentlich für Körper und Seele bedeutet? Die Biochemikerin Dr. Libby Weaver, Bestseller-Autorin aus Australien, erklärt, welche gesundheitlichen Folgen unser Lebensstil hat und gibt wertvolle Impulse, wie wir aus dieser Spirale herausfinden. Erfahren Sie, wie sich der Dauerlauf im Hamsterrad auf unser Seelenleben auswirkt, aber vor allem auch welche fatalen biochemischen und hormonellen Prozesse er in unserem Körper auslöst. Entdecken Sie, warum Dinge wie PMS oder Verdauungsbeschwerden eng damit verknüpft sind, was wir uns täglich auflasten - und finden Sie mit den empathischen und alltagsnahen Lösungsansätzen von Dr. Libby zu mehr Gelassenheit!</marc:subfield>
   </marc:datafield>
   <marc:datafield ind1="3" ind2=" " tag="024">
      <marc:subfield code="a">05252541</marc:subfield>
   </marc:datafield>
</marc:record>
